000 00851nam a2200241 i 4500
001 17715
003 ES-MaACL
005 20250829103228.0
007 t|
008 010508s1956 sp |||| | spa d
080 _a338.1(460)
245 0 0 _aEspaña, exposición preliminar.
260 _aMadrid :
_bInstituto de Cultura Hispánica,
_c1956.
300 _a203 p. ;
_c29 cm.
490 1 _aEstudios hispánicos de desarrollo económico ;
_v1
650 1 4 _aPrevisión económica-
_zEspaña.
_9167899
651 4 _aEspaña-
_xSituación económica.
_98498
651 4 _aEspaña-
_xPolítica económica-
_y1955-1975.
_98408
710 2 _aInstituto de Cultura Hispánica (España)
_94854
830 1 _aEstudios hispánicos de desarrollo económico ;
_v1
_9228736
852 _aES-MaACL
_jAND-1
_z- Biblioteca Juan Andrade
999 _c17715
_d17715